|
|
|
|
| LEADER |
00000cam a2200000 i 4500 |
| 001 |
1/90853 |
| 008 |
080711s2007 gr | ||| |||| ||gre|| |
| 020 |
|
|
|a 9789603103271
|
| 035 |
|
|
|l 10098879
|
| 035 |
|
|
|l 10120561
|
| 040 |
|
|
|a GR-MyUa
|b gre
|e AACR2
|
| 041 |
1 |
|
|a gre
|h eng
|
| 082 |
7 |
|
|a 303.482
|2 (22)
|
| 082 |
0 |
|
|a 327.1
|2 (23)
|
| 100 |
1 |
|
|a Hobsbawm, E. J.
|q (Eric J.),
|d 1917-2012.
|
| 245 |
1 |
0 |
|a Παγκοσμιοποίηση, δημοκρατία και τρομοκρατία /
|c Eric Hobsbawm ; μετάφραση: Νίκος Κούρκουλος.
|
| 250 |
|
|
|a 2η έκδ.
|
| 260 |
|
|
|a Αθήνα :
|b Θεμέλιο,
|c c2007.
|
| 300 |
|
|
|a 202 σ. ;
|c 21 εκ.
|
| 500 |
|
|
|a Τίτλος πρωτοτύπου: Globalisation, democracy and terrorism.
|
| 500 |
|
|
|a Περιλαμβάνει ευρετήριο.
|
| 650 |
|
0 |
|a Globalization
|x Social aspects.
|
| 650 |
|
0 |
|a Globalization
|x Political aspects.
|
| 650 |
|
0 |
|a Democracy.
|
| 650 |
|
0 |
|a Terrorism.
|
| 650 |
|
0 |
|a Globalization.
|
| 650 |
0 |
4 |
|a Terrorism.
|
| 700 |
1 |
|
|a Κούρκουλος, Νίκος,
|e trl
|
| 852 |
|
|
|a INST
|b LESVOS
|e 20080902
|h 303.482 HOB
|p 005100042839
|q 005100042839
|t BK
|y 0
|
| 852 |
|
|
|a INST
|b LESVOS
|c EUDOXUS
|e 20150120
|h 327.1 HOB
|p 005100056263
|q 005100056263
|t EDX
|y 0
|
| 852 |
|
|
|a INST
|b LESVOS
|c EUDOXUS
|e 20160115
|h 327.1 HOB
|p 005100057811
|q 005100057811
|t EDX
|y 0
|
| 852 |
|
|
|a INST
|b LESVOS
|c EUDOXUS
|e 20170117
|h 327.1 HOB
|p 005100058609
|q 005100058609
|t EDX
|y 0
|
| 852 |
|
|
|a INST
|b RHODES
|c EUDOXUS
|e 20211011
|h 303.482 HOB
|p 005400042312
|q 005400042312
|t EDX
|y 0
|
| 852 |
|
|
|a INST
|b SYROS
|e 20080711
|h 303.482 HOB
|p 005500005676
|q 005500005676
|t BK
|y 0
|
| 901 |
|
|
|a BIBL5-2008-2
|
| 901 |
|
|
|a BIBL1-2008-3
|
| 901 |
|
|
|a BIBL1-2015-1
|
| 909 |
|
|
|a Λ
|b 191511
|
| 922 |
|
|
|a 5ΕΛΗ
|b 2008-02
|c ΕΠΕΑΕΚ2/ΤΜΣΠΣ
|d Σ. Πατάκης
|
| 922 |
|
|
|a 1ΕΛΗ
|b 200802
|c ΕΠΕΑΕΚ2/ΤΓ
|d Σ. Πατάκης
|
| 920 |
|
|
|a Εύδοξος
|b Παραγγελία
|y Λέσβος-ΤΓ
|z 2016-01
|
| 920 |
|
|
|a ΕΥΔΟΞΟΣ
|b ΠΑΡΑΓΓΕΛΙΑ
|y Λέσβος-ΤΚ
|z 2014-11
|
| 920 |
|
|
|a Εύδοξος
|b Παραγγελία
|y Λέσβος
|z 2017-01
|
| 920 |
|
|
|a Εύδοξος
|b Επιστροφή
|y Ρόδος
|z 2021-10
|
| 970 |
|
|
|a Κοντού
|b Παρασκευή
|z 11/07/2008
|
| 970 |
|
|
|a ΤΖΑΦΕΡΗ
|b ΕΥΑΓΓΕΛΙΑ
|z 2015/01/20
|